Refutación de los discursos pronunciados por el... Sr. D. Luis M. Pastor y otros oradores en varias sesiones de la Asociación para la reforma de Aranceles / (Record no. 154833)

MARC details
000 -LEADER
campo de control de longitud fija 01223nam a2200253 i 4500
001 - NÚMERO DE CONTROL
campo de control 154833
003 - IDENTIFICADOR DE NÚMERO DE CONTROL
campo de control ES-MaACL
005 - FECHA Y HORA DE LA ÚLTIMA TRANSACCIÓN
campo de control 20250831121729.0
008 - DATOS DE LONGITUD FIJA--INFORMACIÓN GENERAL
campo de control de longitud fija 931025s1861 sp |||| | spa d
100 1# - ENTRADA PRINCIPAL--NOMBRE DE PERSONA
Nombre de persona Güell y Ferrer, Juan (
Fechas asociadas al nombre 1800-1872)
9 (RLIN) 127737
245 10 - MENCIÓN DEL TÍTULO
Título Refutación de los discursos pronunciados por el... Sr. D. Luis M. Pastor y otros oradores en varias sesiones de la Asociación para la reforma de Aranceles /
Mención de responsabilidad, etc. por Don Juan Güell y Ferrer, diputado a Cortes...
260 ## - PUBLICACIÓN, DISTRIBUCIÓN, ETC.
Lugar de publicación, distribución, etc. Barcelona :
Nombre del editor, distribuidor, etc. [s.n.],
Fecha de publicación, distribución, etc. 1861 (
Fabricante Est. Tip. de Narciso Ramirez)
300 ## - DESCRIPCIÓN FÍSICA
Extensión 106 p. ;
Dimensiones 26 cm.
530 ## - NOTA DISPONIBLE DE FORMULARIO FÍSICO ADICIONAL
Nota de formato físico adicional disponible Disponible en formato digital.
650 #4 - PUNTO DE ACCESO ADICIONAL DE MATERIA--TÉRMINO DE MATERIA
Término de materia o nombre geográfico como elemento de entrada Libre cambio-
Subdivisión geográfica España-
Subdivisión cronológica S.XIX
9 (RLIN) 14422
700 1# - ENTRADA AGREGADA--NOMBRE PERSONAL
Nombre de persona Pastor, Luis María.
9 (RLIN) 89484
710 2# - ENTRADA AGREGADA--NOMBRE DE ENTIDAD CORPORATIVA
Nombre de entidad corporativa o nombre de jurisdicción como elemento de entrada Asociación para la Reforma de los Aranceles de Aduanas
9 (RLIN) 1779
852 4# - LOCALIZACIÓN
Ubicación ES-MaACL
Número de control de estantería T-65-F-4
Nota libre - Enc. hol.
-- - Enc. en un vol. facticio
852 4# - LOCALIZACIÓN
Ubicación ES-MaACL
Número de control de estantería T-666-F-12
Nota libre - Enc. hol.
-- - Enc. en un vol. facticio
852 4# - LOCALIZACIÓN
Ubicación ES-MaACL
Número de control de estantería T-1278-F-2
Nota libre - Enc. hol.
-- - Enc. en un vol. facticio
856 4# - LOCALIZACIÓN Y ACCESO ELECTRÓNICOS
Identificador Uniforme de Recursos <a href="https://patrimoniodigital.ucm.es/s/patrimonio/item/591787 ">https://patrimoniodigital.ucm.es/s/patrimonio/item/591787 </a>
Nota pública Patrimonio Digital Complutense
942 ## - ELEMENTOS DE ENTRADA SECUNDARIOS (KOHA)
Fuente del sistema de clasificación o colocación Clasificación decimal universal
Holdings
Estatus retirado Estado de pérdida Estado de daño No para préstamo Colección Biblioteca de origen Biblioteca actual Ubicación en estantería Fecha de adquisición Total de préstamos Signatura topográfica completa Código de barras Visto por última vez Precio de reemplazo Tipo de ítem Koha Fuente del sistema de clasificación o colocación
        Colección de folletos Biblioteca del Ateneo de Madrid Biblioteca del Ateneo de Madrid Depósito folletos 17/01/2008   T-65-F-4 1161953 23/02/2023 23/02/2023 Folleto  
        Colección de folletos Biblioteca del Ateneo de Madrid Biblioteca del Ateneo de Madrid Depósito folletos 17/01/2008   T-666-F-12 1161951 23/02/2023 23/02/2023 Folleto  
        Colección de folletos Biblioteca del Ateneo de Madrid Biblioteca del Ateneo de Madrid Depósito folletos 17/01/2008   T-1278-F-2 1161952 23/02/2023 23/02/2023 Folleto Clasificación decimal universal